| 000 | 01187nam a22002897a 4500 | ||
|---|---|---|---|
| 005 | 20250529141327.0 | ||
| 008 | 250529b mx |||||||| |||| 0spa|d | ||
| 020 | _a9789682326912 (rústica) | ||
| 020 | _a9789682327094 (pasta dura) | ||
| 050 | 0 | 4 |
_aHC135 _bC43 2007 |
| 100 | 1 | _aCeceña Cervantes, José Luis | |
| 245 | 1 | 3 |
_aLa nación mexicana frente a los monopolios _c / José Luis Ceceña ; Ana Esther Ceceña y Raúl Ornelas, compiladores. |
| 250 | _a1a ed. | ||
| 260 |
_aMéxico : _bSiglo Veintiuno Editores : _bEl Colegio de Sinaloa : _bUniversidad Nacional Autónoma de México, Instituto de Investigaciones Económicas, _c2007 |
||
| 300 |
_a476 p. : _bil. ; _c23 cm. |
||
| 490 | 0 | _aLos Once Ríos | |
| 490 | 0 | _aBiblioteca El Colegio de Sinaloa / coordinador Jaime Labastida. | |
| 500 | _aIncluye índice | ||
| 650 | 4 |
_aMonopolios industriales _zMéxico |
|
| 650 | 4 |
_aPeriodismo _zMéxico _xAspectos económicos |
|
| 651 | 7 |
_2lemb _aMéxico _xCondiciones económicas _ySiglo XX |
|
| 651 | 7 |
_2lemb _aMéxico _xPolítica económica _ySiglo XX |
|
| 700 | 1 |
_aCeceña, Ana Esther _ecompilador. |
|
| 700 | 1 |
_aOrnelas, Raúl _ecompilador. |
|
| 942 |
_2lcc _cLIB |
||
| 999 |
_c107101 _d107101 |
||